000 01505nam0a2200325 i 4500
001 RU\NLR\BIBL_A\010943399
005 20260409074523.0
010 _a9785993102832
_9500
021 _aRU
_b2015-94948
_95874
035 _a(NILC)RuMoRGB-008093564
035 _a(NLR Aleph) 010943399
090 _a10759223
_c10759223
100 _a20151223d2014 km y0rusy50 ca
101 0 _arus
102 _aRU
105 _aac||z|||001yy
200 1 _aПамять детская всё воскрешает
_eвоспоминания сирот, детей Великой Отечественной войны проживающих на территории Тюкалинского муниципального района
_f[авт.-сост.: Е. А. Шабанова]
210 _aОмск
_cПолиграфический центр КАН
_d2014
215 _a223 с.
_cил., цв. ил., портр.
_d21
300 _aНа тит. л.: к 70-летию Победы в Великой Отечественной войне
320 _aИмен. указ.: с. 219-220
606 _aДети
_xУчастие в Великой Отечественной войне
_z1941 - 1945
_jВоспоминания, записки и т.п
_3RU\NLR\AUTH\661303778
_92166988
686 1 _aТ3(2)722.9-299,013
686 1 _aЦ35(2)722-424.9,013
702 1 _aШабанова
_bЕ. А.
_4220
801 0 _aRU
_bРГБ
_c20151211
_gRCR
942 _cBOOK
980 _aNBR